<?xml version="1.0" encoding="UTF-8"?><marc:collection xmlns:marc="http://www.loc.gov/MARC21/slim">
  <marc:record>
    <marc:leader>00000nam  2200000za 4500</marc:leader>
    <marc:controlfield tag="001">9.860927</marc:controlfield>
    <marc:controlfield tag="003">CaOODSP</marc:controlfield>
    <marc:controlfield tag="005">20221107160627</marc:controlfield>
    <marc:controlfield tag="007">cr |||||||||||</marc:controlfield>
    <marc:controlfield tag="008">180821s2018    onc     o    f000 0 eng d</marc:controlfield>
    <marc:datafield tag="022" ind1=" " ind2=" ">
      <marc:subfield code="z">1925-0932</marc:subfield>
    </marc:datafield>
    <marc:datafield tag="040" ind1=" " ind2=" ">
      <marc:subfield code="a">CaOODSP</marc:subfield>
      <marc:subfield code="b">eng</marc:subfield>
    </marc:datafield>
    <marc:datafield tag="043" ind1=" " ind2=" ">
      <marc:subfield code="a">n-cn---</marc:subfield>
    </marc:datafield>
    <marc:datafield tag="086" ind1="1" ind2=" ">
      <marc:subfield code="a">H113-25/2018-14E-PDF</marc:subfield>
      <marc:subfield code="z">H113-25/2018-14E</marc:subfield>
    </marc:datafield>
    <marc:datafield tag="245" ind1="0" ind2="0">
      <marc:subfield code="a">Trichoderma harzianum Rifai strain KRL-AG2, Trichoderma virens strain G-41, BW240 WP biological fungicide, RootShield Plus WP biological fungicide, TurfShield Plus WP biological fungicide </marc:subfield>
      <marc:subfield code="h">[electronic resource].</marc:subfield>
    </marc:datafield>
    <marc:datafield tag="260" ind1=" " ind2=" ">
      <marc:subfield code="a">Ottawa : </marc:subfield>
      <marc:subfield code="b">Pest Management Regulatory Agency, Health Canada, </marc:subfield>
      <marc:subfield code="c">2018.</marc:subfield>
    </marc:datafield>
    <marc:datafield tag="300" ind1=" " ind2=" ">
      <marc:subfield code="a">1 p.</marc:subfield>
    </marc:datafield>
    <marc:datafield tag="490" ind1="1" ind2=" ">
      <marc:subfield code="a">Registration decision, </marc:subfield>
      <marc:subfield code="x">1925-0940 ; </marc:subfield>
      <marc:subfield code="v">RD2018-14</marc:subfield>
    </marc:datafield>
    <marc:datafield tag="500" ind1=" " ind2=" ">
      <marc:subfield code="a">Issued also in French under title: Souche KRL-AG2 de Trichoderma harzianum Rifai, souche G-41 de Trichoderma virens, fongicide biologique BW240 WP, fongicide biologique RootShield Plus WP, fongicide biologique TurfShield Plus WP.</marc:subfield>
    </marc:datafield>
    <marc:datafield tag="500" ind1=" " ind2=" ">
      <marc:subfield code="a">Cover title.</marc:subfield>
    </marc:datafield>
    <marc:datafield tag="500" ind1=" " ind2=" ">
      <marc:subfield code="a">"20 August 2018."</marc:subfield>
    </marc:datafield>
    <marc:datafield tag="520" ind1=" " ind2=" ">
      <marc:subfield code="a">"Health Canada’s Pest Management Regulatory Agency (PMRA), under the authority of the Pest Control Products Act and Regulations, is granting registration for the sale and use of RootShield Technical Biological Fungicide, containing Trichoderma harzianum Rifai strain KRL-AG2, and G-41 Technical, containing Trichoderma virens strain G-41, and BW240 WP Biological Fungicide, RootShield Plus WP Biological Fungicide and TurfShield Plus WP Biological Fungicide, containing both microbial pest control agents, to control root diseases in ginseng, greenhouse food crops and greenhouse ornamentals, outdoor ornamentals and certain foliar diseases in turf"--P. 1.</marc:subfield>
    </marc:datafield>
    <marc:datafield tag="530" ind1=" " ind2=" ">
      <marc:subfield code="a">Issued also in print format.</marc:subfield>
    </marc:datafield>
    <marc:datafield tag="692" ind1="0" ind2="7">
      <marc:subfield code="2">gccst</marc:subfield>
      <marc:subfield code="a">Fungicides</marc:subfield>
    </marc:datafield>
    <marc:datafield tag="692" ind1="0" ind2="7">
      <marc:subfield code="2">gccst</marc:subfield>
      <marc:subfield code="a">Certification</marc:subfield>
    </marc:datafield>
    <marc:datafield tag="692" ind1="0" ind2="7">
      <marc:subfield code="2">gccst</marc:subfield>
      <marc:subfield code="a">Toxicology</marc:subfield>
    </marc:datafield>
    <marc:datafield tag="710" ind1="1" ind2=" ">
      <marc:subfield code="a">Canada. </marc:subfield>
      <marc:subfield code="b">Health Canada.</marc:subfield>
    </marc:datafield>
    <marc:datafield tag="710" ind1="1" ind2=" ">
      <marc:subfield code="a">Canada. </marc:subfield>
      <marc:subfield code="b">Pest Management Regulatory Agency.</marc:subfield>
    </marc:datafield>
    <marc:datafield tag="775" ind1="0" ind2="8">
      <marc:subfield code="t">Souche KRL-AG2 de Trichoderma harzianum Rifai, souche G-41 de Trichoderma virens, fongicide biologique BW240 WP, fongicide biologique RootShield Plus WP, fongicide biologique TurfShield Plus WP </marc:subfield>
      <marc:subfield code="w">(CaOODSP)9.860928</marc:subfield>
    </marc:datafield>
    <marc:datafield tag="830" ind1="#" ind2="0">
      <marc:subfield code="a">Registration decision,</marc:subfield>
      <marc:subfield code="x">1925-0940 ; </marc:subfield>
      <marc:subfield code="v">RD2018-14.</marc:subfield>
      <marc:subfield code="w">(CaOODSP)9.505184</marc:subfield>
    </marc:datafield>
    <marc:datafield tag="856" ind1="4" ind2="0">
      <marc:subfield code="q">PDF</marc:subfield>
      <marc:subfield code="s">147 KB</marc:subfield>
      <marc:subfield code="u">https://publications.gc.ca/collections/collection_2018/sc-hc/h113-25/H113-25-2018-14-eng.pdf</marc:subfield>
    </marc:datafield>
  </marc:record>
</marc:collection>
